[Event "Tourn. n7828"]
[Site "www.chess-mail.com"]
[Date "2015.01.19"]
[Round "1"]
[White "Sontuozio"]
[Black "Ff333"]
[WhiteElo "2150"]
[BlackElo "2000"]
[Result "1/2-1/2"]
[Round "1"]
1.d4 d5
2.Ng1f3 f6
3.e3 g6
4.Bf1d3 Bf8g7
5.c4 c6
6.Nb1c3 e6
7.O-O Ng8e7
8.e4 O-O
9.Bc1f4 h6
10.e5 fxe5
11.Bf4xe5 Nb8d7
12.Be5xg7 Kxg7
13.Qd1e2 Nd7f6
14.Nf3e5 Ne7f5
15.Bd3xf5 exf5
16.f4 Nf6e4
17.Nc3xe4 dxe4
18.Ra1d1 Qd8e7
19.a3 Bc8e6
20.d5 cxd5
21.cxd5 Qe7c5
22.Kh1 Be6xd5
23.Rd1c1 Qc5e7
24.b4 a6
25.Rc1c5 Bd5b3
26.Qe2b2 Bb3a4
27.Rf1c1 Qe7e6
28.Rc5c7 Kg8
29.Ne5g4 Ba4d7
30.Ng4e5 Ra8d8
31.h3 Bd7b5
32.Rc7xb7 Rd8c8
33.Rc1c7 Rc8xc7
34.Rb7xc7 Rf8c8
35.Rc7xc8 Qe6xc8
36.Qb2b3 Kh8
37.Ne5xg6 Kg7
38.Qb3g3 Kf6
{ draw }
1/2-1/2

[Event "Tourn. n7955"]
[Site "www.chess-mail.com"]
[Date "2015.01.19"]
[Round "1"]
[White "Krasin"]
[Black "Anja"]
[WhiteElo "2240"]
[BlackElo "2000"]
[Result "0-1"]
[Round "1"]
1.e4 Ng8f6
2.Nb1c3 d5
3.d4 Nf6xe4
4.Nc3xe4 dxe4
5.Bf1c4 Bc8f5
6.Ng1e2 e6
7.O-O Bf8d6
8.Ne2g3 Bf5g6
9.c3 O-O
10.Qd1e2 Bd6xg3
11.fxg3 Qd8e7
12.Rf1f4 Nb8c6
13.Rf4xe4 Bg6xe4
14.Qe2xe4 Ra8d8
15.Bc1f4 Nc6a5
16.Bc4d3 g6
17.Bf4h6 f5
18.Qe4e5 Na5c6
19.Qe5b5 Rd8b8
20.Bh6xf8 Kxf8
21.Ra1e1 a6
22.Qb5a4 Nc6d8
23.b4 Kf7
24.Qa4b3 c6
25.Re1e5 Kf6
26.c4 Nd8f7
27.Re5e2 Rb8d8
28.Qb3c3 e5
29.dxe5 Nf7xe5
30.Bd3c2 Rd8e8
31.g4 fxg4
32.c5 Kg5
33.Qc3e3 Kh5
34.Qe3f4 Ne5f3
35.gxf3 Qe7xe2
36.Qf4xg4 Kh6
37.Qg4h3 Kg7
38.Qh3d7 Re8e7
39.Qd7d4 Qe2e5
40.Qd4xe5 Re7xe5
41.Kf2 Re5d5
{ resign }
0-1

[Event "Tourn. n7871"]
[Site "www.chess-mail.com"]
[Date "2015.01.19"]
[Round "1"]
[White "Bojan"]
[Black "Asiamen"]
[WhiteElo "2020"]
[BlackElo "2110"]
[Result "1-0"]
[Round "1"]
1.c4 c5
2.g3 g6
3.Nb1c3 Ng8f6
4.b3 Bf8g7
5.Bc1b2 O-O
6.Bf1g2 d6
7.Nc3d5 Nf6xd5
8.Bb2xg7 Kxg7
9.Bg2xd5 Bc8d7
10.Bd5xb7 Bd7c6
11.Bb7xa8 Bc6xa8
12.f3 Nb8d7
13.e4 Kg8
14.d4 cxd4
15.Qd1xd4 Qd8a5
16.Kf2 Nd7c5
17.Qd4d1 Qa5c3
18.Ng1e2 Qc3f6
19.Kg2 Nc5e6
20.Qd1d2 Ne6g5
21.Qd2e3 a6
22.Ne2f4 Qf6b2
23.Qe3e2 Qb2g7
24.Nf4d5 Ba8xd5
25.exd5 f6
26.h4 Ng5f7
27.Qe2xe7 Rf8d8
28.Ra1e1 Rd8f8
29.Qe7b7 Nf7e5
30.Qb7xa6 Qg7d7
31.Re1e4 f5
32.Re4d4 h5
33.Rh1e1 Rf8e8
34.Re1c1 Ne5f7
35.Kf2 Kg7
36.Qa6a5 Kh6
37.Rc1e1 Re8e5
38.f4 Re5xe1
39.Qa5xe1 Nf7d8
40.Rd4d2 Qd7a7
41.Kf3 Qa7a5
42.Qe1a1 Kh7
43.Rd2e2 Qa5c7
44.a4 Qc7b7
45.Re2e3 Qb7f7
46.b4 { resign }
1-0

[Event "Match"]
[Site "www.echecsemail.com"]
[Date "2015.01.19"]
[Round "1"]
[White "Nestor"]
[Black "Gmi42"]
[WhiteElo "2050"]
[BlackElo "1809"]
[Result "0-1"]
[Round "1"]
1.e4 c6
2.d4 d5
3.exd5 cxd5
4.Ng1f3 Nb8c6
5.Bf1e2 Ng8f6
6.O-O Bc8g4
7.Bc1e3 e6
8.h3 Bg4h5
9.Nb1c3 a6
10.Nf3e5 Bh5xe2
11.Qd1xe2 Bf8d6
12.Ne5xc6 bxc6
13.Nc3a4 O-O
14.Na4c5 Qd8e7
15.b4 a5
16.c3 axb4
17.cxb4 Bd6xc5
18.bxc5 Ra8a4
19.Rf1b1 e5
20.Qe2d1 Ra4c4
21.a4 Nf6e4
22.Rb1b6 Ne4c3
23.Qd1b3 exd4
24.Be3xd4 Nc3e2
25.Kh1 Ne2xd4
26.Qb3b2 Qe7xc5
27.Rb6b8 g6
28.a5 Nd4b5
29.Rb8b7 Rc4c2
30.Qb2e5 Qc5xf2
{ resign }
0-1

[Event "Match"]
[Site "www.echecsemail.com"]
[Date "2015.01.19"]
[Round "1"]
[White "Guidom"]
[Black "Generalfree"]
[WhiteElo "2020"]
[BlackElo "1800"]
[Result "1-0"]
[Round "1"]
1.e4 c5
2.f4 d5
3.e5 e6
4.Ng1f3 a6
5.c4 d4
6.d3 Bc8d7
7.Bf1e2 h6
8.O-O Nb8c6
9.Kh1 f5
10.a3 Bf8e7
11.Bc1d2 g5
12.fxg5 Be7xg5
13.Nf3xg5 hxg5
14.Be2h5 Kf8
15.b4 cxb4
16.axb4 Nc6xe5
17.Qd1e2 Ne5c6
18.b5 Nc6b8
19.Bd2b4 Ng8e7
20.Qe2e5 Rh8xh5
21.Qe5f6 Ke8
22.g4 Rh5h3
23.gxf5 exf5
24.Nb1d2 Bd7c6
25.bxc6 Nb8xc6
26.Bb4xe7 Nc6xe7
27.Nd2f3 g4
28.Nf3g5 Rh3xd3
29.Ng5e6 Ne7g8
30.Qf6f8 Kd7
31.Ne6xd8 Ra8xd8
32.Qf8xf5 { resign }
1-0

[Event "Match"]
[Site "www.echecsemail.com"]
[Date "2015.01.19"]
[Round "1"]
[White "Neo"]
[Black "Umzi"]
[WhiteElo "1820"]
[BlackElo "2120"]
[Result "0-1"]
[Round "1"]
1.e3 e5
2.c3 d5
3.d4 e4
4.Bf1b5 c6
5.Bb5a4 b5
6.Ba4b3 Bf8d6
7.Ng1e2 Ng8f6
8.O-O Bd6xh2
9.Kxh2 Nf6g4
10.Kg1 Qd8h4
11.g3 Qh4h2

0-1

[Event "Match"]
[Site "www.echecsemail.com"]
[Date "2015.01.19"]
[Round "1"]
[White "Difficult"]
[Black "Hajota"]
[WhiteElo "1880"]
[BlackElo "2520"]
[Result "0-1"]
[Round "1"]
1.d4 Ng8f6
2.c4 e6
3.Ng1f3 Bf8b4
4.Bc1d2 Qd8e7
5.e3 O-O
6.Nb1c3 Bb4xc3
7.Bd2xc3 Nf6e4
8.Qd1c2 Ne4xc3
9.Qc2xc3 b6
10.Bf1e2 d6
11.O-O Nb8d7
12.Rf1d1 Bc8b7
13.b4 f5
14.a4 a5
15.b5 Qe7f6
16.Ra1c1 Ra8e8
17.Qc3b3 Kh8
18.h4 Qf6h6
19.g3 Qh6h5
20.Kg2 Bb7e4
21.Qb3b2 Qh5g4
22.Rd1h1 f4
23.exf4 Rf8xf4
24.Rc1c3 Re8f8
25.Qb2b3 e5
26.d5 Nd7c5
27.Qb3a3 Be4d3
{ resign }
0-1

[Event "Match"]
[Site "www.echecsemail.com"]
[Date "2015.01.19"]
[Round "1"]
[White "Cardiff"]
[Black "Glenno"]
[WhiteElo "2120"]
[BlackElo "2360"]
[Result "0-1"]
[Round "1"]
1.Ng1f3 d5
2.c4 d4
3.b4 f6
4.e3 e5
5.b5 Ng8h6
6.exd4 exd4
7.Bc1b2 Bf8c5
8.d3 O-O
9.Bf1e2 a6
10.a4 axb5
11.axb5 Ra8xa1
12.Bb2xa1 Rf8e8
13.O-O c6
14.bxc6 Nb8xc6
15.Nb1d2 Bc5b6
16.Nd2e4 f5
17.Ne4g3 Nh6g4
18.h3 Ng4f6
19.Rf1e1 Bb6a5
20.Re1f1 f4
21.Ng3e4 Bc8f5
22.Ne4xf6 Qd8xf6
23.Rf1e1 Qf6e7
24.Nf3d2 f3
25.gxf3 Qe7g5
26.Kh2 Qg5xd2
27.Qd1xd2 Ba5xd2
{ resign }
0-1

[Event "Match"]
[Site "www.echecsemail.com"]
[Date "2015.01.19"]
[Round "1"]
[White "Generalfree"]
[Black "Caspito"]
[WhiteElo "1830"]
[BlackElo "1860"]
[Result "1-0"]
[Round "1"]
1.e4 e5
2.Ng1f3 Nb8c6
3.Bf1c4 Nc6d4
4.Nf3xd4 exd4
5.Qd1h5 Qd8f6
6.d3 d6
7.h4 Bc8e6
8.Qh5b5 Be6d7
9.Qb5xb7 Ra8c8
10.Bc4b5 Qf6e6
11.Qb7xc8 Ke7
12.Bb5xd7 Qe6xd7
13.Qc8xd7 Kxd7
14.Nb1d2 Ng8f6
15.f3 Nf6h5
16.Kf2 Ke6
17.Nd2b3 c5
18.Nb3a5 d5
19.exd5 Kxd5
20.g4 Nh5f6
21.c4 Kd6
22.Bc1f4 Kd7
23.Rh1e1 Bf8e7
24.Bf4g5 Rh8b8
25.Na5b3 Rb8b7
26.Re1e5 Be7d6
27.Re5f5 { resign }
1-0

[Event "Match"]
[Site "www.echecsemail.com"]
[Date "2015.01.19"]
[Round "1"]
[White "Micheles"]
[Black "Joseph1983"]
[WhiteElo "2540"]
[BlackElo "2190"]
[Result "1-0"]
[Round "1"]
1.d4 Ng8f6
2.Ng1f3 e6
3.Bc1g5 h6
4.Bg5xf6 Qd8xf6
5.e4 c5
6.c3 cxd4
7.cxd4 Bf8b4
8.Nb1c3 O-O
9.Bf1d3 Nb8c6
10.e5 Qf6e7
11.O-O Bb4xc3
12.bxc3 b6
13.Nf3d2 d6
14.Qd1e2 dxe5
15.f4 Bc8b7
16.fxe5 Nc6a5
17.Nd2e4 Ra8c8
18.Ra1c1 Bb7a8
19.Rf1f4 Rc8c7
20.Ne4f6 Kh8
21.Rf4h4 { resign }
1-0

[Event "Match"]
[Site "www.echecsemail.com"]
[Date "2015.01.19"]
[Round "1"]
[White "Baachio"]
[Black "Haukia"]
[WhiteElo "1940"]
[BlackElo "2190"]
[Result "0-1"]
[Round "1"]
1.e4 e5
2.Ng1f3 Nb8c6
3.Bf1b5 a6
4.Bb5xc6 dxc6
5.O-O f6
6.d4 exd4
7.Nf3xd4 c5
8.Nd4f3 Qd8xd1
9.Rf1xd1 Bf8d6
10.c4 Bc8g4
11.Nb1c3 Ng8e7
12.Rd1d3 O-O-O
13.Kh1 Bg4xf3
14.Rd3xf3 c6
15.h3 Ne7g6
16.Bc1d2 Ng6e5
17.Rf3e3 Ne5xc4
18.Re3e2 Nc4xd2
19.Re2xd2 Bd6e5
20.Rd2xd8 Rh8xd8
21.Ra1d1 Be5xc3
22.Rd1xd8 Kxd8
23.bxc3 b5
24.Kg1 b4
25.c4 a5
26.Kf1 a4
{ resign }
0-1

[Event "Match"]
[Site "www.echecsemail.com"]
[Date "2015.01.19"]
[Round "1"]
[White "Mdesouza"]
[Black "Difficult"]
[WhiteElo "2110"]
[BlackElo "1880"]
[Result "1-0"]
[Round "1"]
1.e4 c6
2.d4 d5
3.exd5 cxd5
4.c4 Ng8f6
5.Nb1c3 e6
6.Bc1g5 Bf8b4
7.Ng1f3 Bb4xc3
8.bxc3 Qd8a5
9.Qd1c2 Nf6e4
10.Ra1c1 Nb8c6
11.cxd5 exd5
12.Bf1d3 f5
13.O-O O-O
14.Qc2b3 Kh8
15.Bg5f4 Qa5d8
16.Nf3e5 Nc6xe5
17.Bf4xe5 b6
18.Qb3c2 Bc8e6
19.Bd3xe4 fxe4
20.Qc2e2 Qd8d7
21.Qe2e3 Ra8c8
22.f3 exf3
23.Rf1xf3 Rf8f5
24.Rf3g3 Rf5f7
25.Qe3h6 Be6f5
26.Rc1f1 Rc8e8
27.Rf1xf5 Re8xe5
28.Qh6xg7 Rf7xg7
29.Rf5f8 { resign }
1-0

[Event "Match"]
[Site "www.echecsemail.com"]
[Date "2015.01.19"]
[Round "1"]
[White "Joseph1983"]
[Black "Sontuozio"]
[WhiteElo "2150"]
[BlackElo "2260"]
[Result "1/2-1/2"]
[Round "1"]
1.Ng1f3 d5
2.e3 Ng8f6
3.b3 Nb8d7
4.Bc1b2 c6
5.d4 e6
6.Nb1d2 Bf8d6
7.c4 O-O
8.Bf1d3 a6
9.O-O b5
10.Qd1e2 Rf8e8
11.e4 dxe4
12.Nd2xe4 Nf6xe4
13.Qe2xe4 Nd7f6
14.Qe4h4 h6
15.Ra1d1 Qd8c7
16.Rf1e1 Bd6e7
17.Nf3e5 Bc8b7
18.Qh4g3 Be7d6
19.Qg3e3 Ra8d8
20.h3 Bd6b4
21.Re1e2 Bb4d6
22.Bd3b1 Bd6xe5
23.Qe3xe5 Qc7xe5
24.Re2xe5 c5
25.Re5e1 cxd4
26.Rd1xd4 Rd8xd4
27.Bb2xd4 Nf6d7
28.cxb5 axb5
29.Bb1d3 b4
30.Bd3b5 Re8d8
31.Re1c1 Bb7d5
32.Rc1c7 Nd7f8
33.Bd4c5 Rd8b8
34.Bb5d3 Nf8g6
35.Bd3xg6 { draw }
1/2-1/2

[Event "Match"]
[Site "www.echecsemail.com"]
[Date "2015.01.19"]
[Round "1"]
[White "Darknight"]
[Black "Georgepapi"]
[WhiteElo "1790"]
[BlackElo "1860"]
[Result "1-0"]
[Round "1"]
1.e4 e5
2.Bf1c4 Ng8f6
3.d3 Nb8c6
4.c3 d6
5.Qd1a4 Bc8d7
6.Qa4b3 Nc6a5
7.Qb3c2 Na5xc4
8.dxc4 Bd7c6
9.Bc1g5 Bf8e7
10.f3 O-O
11.h4 h6
12.g4 hxg5
13.hxg5 Nf6h7
14.Qc2h2 f6
15.g6 Rf8f7
16.Qh2xh7 { resign }
1-0

[Event "Match"]
[Site "www.echecsemail.com"]
[Date "2015.01.19"]
[Round "1"]
[White "Gavroche"]
[Black "Udo"]
[WhiteElo "1810"]
[BlackElo "1530"]
[Result "1-0"]
[Round "1"]
1.d4 e6
2.c4 Bf8b4
3.Nb1c3 c6
4.Bc1d2 Qd8a5
5.a3 Bb4xc3
6.Bd2xc3 Qa5b6
7.e4 g6
8.d5 f6
9.Ng1f3 exd5
10.cxd5 cxd5
11.exd5 d6
12.Bf1c4 Qb6d8
13.O-O Kf8
14.Nf3d4 h6
15.Qd1f3 Rh8h7
16.Nd4e6 Bc8xe6
17.dxe6 Nb8c6
18.Ra1e1 Ra8b8
19.Bc4d3 Rh7g7
20.Re1e4 g5
21.Qf3f5 Nc6e7
22.Qf5h3 a6
23.Qh3h5 b5
24.Bc3xf6 Rg7g6
25.Bf6c3 a5
26.Re4e3 Ng8f6
27.Bd3xg6 Nf6xh5
28.Bg6xh5 Kg8
29.Bh5f7 Kh7
30.h3 b4
31.axb4 axb4
32.Bc3f6 Rb8b5
33.Bf7h5 Qd8f8
34.Bh5f7 d5
35.Re3e5 Rb5c5
36.f4 Qf8d8
37.fxg5 Rc5c2
38.g6 Ne7xg6
39.Bf7xg6 Kxg6
40.Bf6xd8 Rc2c6
41.e7 d4
42.e8Q Kg7
43.Qe8xc6 d3
44.Qc6f6 { resign }
1-0

[Event "Match"]
[Site "www.echecsemail.com"]
[Date "2015.01.19"]
[Round "1"]
[White "Pancon"]
[Black "Harrytheking"]
[WhiteElo "1499"]
[BlackElo "1730"]
[Result "0-1"]
[Round "1"]
1.e4 b6
2.d4 Bc8a6
3.Bf1xa6 Nb8xa6
4.Ng1f3 d6
5.O-O h6
6.Nb1c3 e6
7.Bc1f4 Ng8e7
8.Rf1e1 Ne7g6
 { time }
0-1

[Event "1/128 Finale"]
[Site "www.chess-mail.com"]
[Date "2015.01.19"]
[Round "1"]
[White "Fractal"]
[Black "Genius9"]
[WhiteElo "1980"]
[BlackElo "1220"]
[Result "0-1"]
[Round "1"]
1.e4 c6
2.d3 d5
3.Nb1d2 g6
4.Ng1f3 Bf8g7
5.g3 e5
6.h3 Ng8e7
7.Bf1g2 O-O
8.O-O d4
9.Kh1 Nb8a6
10.a3 h6
11.Nd2c4 Qd8c7
12.Nf3h2 Bc8e6
13.b3 b5
14.Nc4b2 Ra8c8
 { time }
0-1

[Event "Eq:Angels of Checkmate-Slap Shot Mates : "]
[Site "www.chess-mail.com"]
[Date "2015.01.19"]
[Round "1"]
[White "Currivan"]
[Black "Sebolix"]
[WhiteElo "1730"]
[BlackElo "2670"]
[Result "0-1"]
[Round "1"]
1.d4 e6
2.Nb1c3 d5
3.e3 f5
4.Ng1f3 Ng8f6
5.h3 c5
6.dxc5 Bf8xc5
7.Bc1d2 O-O
8.Bf1e2 Nb8c6
9.O-O a6
10.Be2d3 e5
11.a3 e4
12.Bd3e2 exf3
13.Be2xf3 Bc8e6
14.b4 Bc5a7
15.b5 Nc6e5
16.bxa6 bxa6
17.Qd1e2 Ba7b8
18.Rf1d1 Qd8c7
19.Rd1b1 Ne5xf3
20.Qe2xf3 Nf6e4
21.Nc3xe4 fxe4
22.Qf3e2 Qc7h2
{ resign }
0-1

[Event "Eq:Angels of Checkmate-Slap Shot Mates : "]
[Site "www.chess-mail.com"]
[Date "2015.01.19"]
[Round "1"]
[White "Sebolix"]
[Black "Currivan"]
[WhiteElo "2670"]
[BlackElo "1730"]
[Result "1-0"]
[Round "1"]
1.b3 e5
2.Bc1b2 Nb8c6
3.e3 d6
4.c4 Ng8f6
5.Nb1c3 Bc8g4
6.Bf1e2 Qd8d7
7.Be2xg4 Nf6xg4
8.Ng1e2 Bf8e7
9.O-O O-O
10.d4 exd4
11.exd4 Qd7f5
12.h3 Ng4f6
13.Ne2g3 Qf5d7
14.d5 Nc6d8
15.Qd1c2 h6
16.Ra1e1 Rf8e8
17.Nc3b5 a6
18.Nb5d4 b6
19.Nd4f5 Nd8b7
20.Re1xe7 Re8xe7
21.Bb2xf6 gxf6
22.Qc2d1 Re7e8
23.Qd1g4 Kf8
24.Qg4g7 
1-0

[Event "Fast Game"]
[Site "www.echecsemail.com"]
[Date "2015.01.19"]
[Round "1"]
[White "Attatroll"]
[Black "Kollipaa"]
[WhiteElo "1780"]
[BlackElo "1690"]
[Result "1-0"]
[Round "1"]
1.e4 b6
2.Ng1f3 Bc8b7
3.Nb1c3 e6
4.d4 Ng8e7
5.Bf1d3 Ne7g6
6.O-O Bf8e7
7.Bc1e3 O-O
8.Nc3e2 d5
9.e5 Nb8d7
10.c3 c5
11.Ne2g3 c4
12.Bd3c2 a5
13.a3 b5
14.Bc2xg6 fxg6
15.Qd1d2 Qd8b6
16.Be3g5 Ra8e8
17.Bg5xe7 Re8xe7
18.Nf3g5 h6
19.Ng5f3 Kh7
20.Qd2c2 Bb7c8
21.Nf3h4 Rf8f7
22.Nh4xg6 Re7e8
23.Ng3h5 Kg8
24.f4 Nd7f8
25.Rf1f3 Nf8xg6
26.Qc2xg6 Re8f8
27.Nh5f6 Rf7xf6
28.exf6 Rf8xf6
29.Qg6e8 Rf6f8
30.Qe8h5 Bc8d7
31.g4 Bd7e8
32.Qh5h3 b4
33.axb4 axb4
34.f5 exf5
35.gxf5 bxc3
36.bxc3 Be8d7
37.Ra1f1 Rf8f6
38.Qh3g2 Bd7c6
39.Rf3g3 Qb6c7
40.Rg3g6 Rf6xg6
41.fxg6 { resign }
1-0

[Event "Fast Game"]
[Site "www.echecsemail.com"]
[Date "2015.01.19"]
[Round "1"]
[White "Tenzinnima"]
[Black "Korto"]
[WhiteElo "1850"]
[BlackElo "2049"]
[Result "1-0"]
[Round "1"]
1.d4 Ng8f6
2.c4 g6
3.g3 d5
4.Bf1g2 dxc4
5.Qd1c2 Qd8xd4
6.Ng1f3 Qd4d8
7.Qc2xc4 Bf8g7
8.O-O O-O
9.Bc1f4 Nb8c6
10.Nb1c3 Bc8e6
11.Qc4a4 Nf6d5
12.Nc3xd5 Be6xd5
13.Ra1d1 e6
14.e4 e5
15.Rd1xd5 Qd8e7
16.Bf4e3 Rf8d8
17.Be3g5 Bg7f6
18.Bg5xf6 Qe7xf6
19.Rf1d1 Rd8d6
20.Rd5xd6 cxd6
21.Qa4b3 Qf6e7
22.Bg2f1 Ra8d8
23.Kg2 Kg7
24.Bf1c4 Nc6a5
25.Qb3b5 Na5xc4
26.Qb5xc4 h5
27.h4 f6
28.Nf3d2 Qe7f7
29.Qc4xf7 Kxf7
30.Rd1c1 Ke6
31.Rc1c7 Rd8d7
32.Rc7xd7 Kxd7
33.Nd2b1 Kc6
34.Kf3 f5
35.Nb1c3 a6
36.Nc3d5 Kd7
37.Ke3 Ke6
38.f3 Kf7
39.a4 Ke6
40.Kd3 Kf7
41.Kc3 Kg7
42.Kb4 fxe4
43.fxe4 { resign }
1-0

[Event "Fast Game"]
[Site "www.echecsemail.com"]
[Date "2015.01.19"]
[Round "1"]
[White "Malbertan"]
[Black "Knightjumper"]
[WhiteElo "1559"]
[BlackElo "1589"]
[Result "0-1"]
[Round "1"]
1.e4 c6
2.d4 d5
3.Nb1c3 b5
4.exd5 b4
5.dxc6 bxc3
6.Bf1b5 Qd8a5
7.c7 Nb8d7
8.Bb5xd7 Bc8xd7
9.Kf1 cxb2
10.Bc1xb2 Qa5b5
{ resign }
0-1

[Event "Fast Game"]
[Site "www.echecsemail.com"]
[Date "2015.01.19"]
[Round "1"]
[White "Tenzinnima"]
[Black "Fkarpov"]
[WhiteElo "1840"]
[BlackElo "1840"]
[Result "1-0"]
[Round "1"]
1.c4 Ng8f6
2.Nb1c3 e6
3.g3 c5
4.Bf1g2 a6
5.Ng1f3 d6
6.O-O Bf8e7
7.d4 O-O
8.dxc5 dxc5
9.Qd1b3 Nb8c6
10.Bc1f4 Be7d6
11.Ra1d1 Nf6e8
12.Nc3e4 e5
13.Nf3xe5 Nc6d4
14.Qb3e3 Bd6xe5
15.Bf4xe5 Qd8b6
16.Be5xd4 cxd4
17.Qe3xd4 Qb6xd4
18.Rd1xd4 Bc8e6
19.Ne4c5 Ne8f6
20.Nc5xe6 fxe6
21.Rf1d1 h6
22.e3 Ra8b8
23.b4 Kh7
24.Bg2f3 e5
25.Rd4d6 g6
26.Rd6b6 e4
27.Bf3e2 Rf8f7
28.Rd1d6 Rb8f8
29.c5 Nf6d7
30.Rb6xb7 Nd7e5
31.Rb7xf7 Rf8xf7
32.Be2xa6 { resign }
1-0

[Event "Tourn. n7962"]
[Site "www.chess-mail.com"]
[Date "2015.01.20"]
[Round "1"]
[White "Dominiquer"]
[Black "Asibicho"]
[WhiteElo "1890"]
[BlackElo "1900"]
[Result "0-1"]
[Round "1"]
1.e4 e5
2.Ng1f3 Nb8c6
3.Bf1c4 Bf8c5
4.b4 Bc5xb4
5.c3 Bb4a5
6.d4 exd4
7.O-O d6
8.Qd1b3 Qd8e7
9.cxd4 Ng8f6
10.Nf3g5 O-O
11.Bc4xf7 Rf8xf7
12.Ng5xf7 Qe7xf7
13.d5 Nc6e5
14.f3 Ba5b6
15.Bc1e3 Bc8d7
16.Be3xb6 axb6
17.a4 b5
18.Nb1c3 bxa4
19.Nc3xa4 h6
20.Na4c3 Ra8xa1
21.Rf1xa1 b6
22.Ra1a7 Bd7e8
23.Nc3b5 Be8xb5
24.Qb3xb5 Qf7g6
25.Ra7xc7 Ne5xf3
26.Kh1 Nf6xe4
27.Qb5e2 Ne4g3
{ resign }
0-1

[Event "Tourn. n7968"]
[Site "www.chess-mail.com"]
[Date "2015.01.20"]
[Round "1"]
[White "Difficult"]
[Black "Falcoale"]
[WhiteElo "1880"]
[BlackElo "1890"]
[Result "1/2-1/2"]
[Round "1"]
1.e4 c5
2.d4 cxd4
3.c3 dxc3
4.Nb1xc3 Nb8c6
5.Ng1f3 e6
6.Bf1c4 a6
7.O-O b5
8.Bc4d3 Bc8b7
9.a3 Ng8f6
10.Bc1g5 h6
11.Bg5h4 Bf8e7
12.e5 Nf6g4
13.Bh4xe7 Qd8xe7
14.Rf1e1 Qe7c5
15.Qd1e2 h5
16.h3 Ng4h6
17.Nc3e4 Qc5e7
18.Ne4d6 Kf8
19.Nd6xb7 Ra8a7
20.Nb7d6 Nc6d8
21.Ra1c1 Rh8g8
22.b4 Ra7a8
23.Bd3e4 { draw }
1/2-1/2

[Event "Tourn. n7992"]
[Site "www.chess-mail.com"]
[Date "2015.01.20"]
[Round "1"]
[White "Falcoale"]
[Black "Difficult"]
[WhiteElo "1880"]
[BlackElo "1900"]
[Result "1/2-1/2"]
[Round "1"]
1.e4 c5
2.Ng1f3 Nb8c6
3.Bf1c4 e6
4.Nb1c3 a6
5.a3 d6
6.d4 cxd4
7.Nf3xd4 Ng8f6
8.Bc1g5 Bf8e7
9.f3 Qd8c7
10.O-O Nc6e5
11.Bc4b3 Bc8d7
12.Bg5e3 Ne5c4
13.Bb3xc4 Qc7xc4
14.Nc3e2 Ra8c8
15.b3 Qc4c7
16.c4 O-O
17.Ne2g3 Rf8d8
18.Ra1c1 Bd7c6
19.Nd4xc6 Qc7xc6
20.Ng3e2 Qc6d7
{ draw }
1/2-1/2

[Event "Tourn. n7903"]
[Site "www.chess-mail.com"]
[Date "2015.01.20"]
[Round "1"]
[White "Goga"]
[Black "Libiesse"]
[WhiteElo "1970"]
[BlackElo "2040"]
[Result "1-0"]
[Round "1"]
1.d4 d5
2.c4 e6
3.a3 Ng8f6
4.Bc1g5 Bf8e7
5.Ng1f3 O-O
6.e3 Nb8c6
7.Nb1c3 h6
8.Bg5h4 Rf8e8
9.c5 b6
10.Bf1b5 Bc8b7
11.b4 a6
12.Bb5a4 b5
13.Ba4c2 Nf6d7
14.Bh4g3 Be7f6
15.O-O Nd7f8
16.Qd1d3 e5
17.dxe5 Nc6xe5
18.Nf3xe5 Bf6xe5
19.Bg3xe5 Re8xe5
20.Ra1d1 Re5g5
21.Nc3e2 d4
22.e4 Nf8e6
23.f4 Rg5g4
24.h3 Rg4h4
25.Bc2b3 Qd8e7
26.Bb3d5 Bb7xd5
27.exd5 Ne6f8
28.Ne2xd4 Qe7f6
29.Nd4f5 Rh4h5
30.g4 Rh5xf5
31.Qd3xf5 Qf6xf5
32.gxf5 Nf8h7
33.Rf1e1  { time }
1-0

[Event "Tourn. n7985"]
[Site "www.chess-mail.com"]
[Date "2015.01.20"]
[Round "1"]
[White "Guidom"]
[Black "Anja"]
[WhiteElo "2040"]
[BlackElo "2010"]
[Result "1/2-1/2"]
[Round "1"]
1.e4 Ng8f6
2.Nb1c3 d5
3.exd5 Nf6xd5
4.d4 Bc8f5
5.a3 e6
6.Ng1f3 Nd5xc3
7.bxc3 Bf8d6
8.Bf1d3 Bf5xd3
9.cxd3 O-O
10.O-O Nb8d7
11.Bc1e3 Nd7f6
12.Qd1e2 Nf6d5
13.c4 Nd5xe3
14.fxe3 c5
15.dxc5 Bd6xc5
16.d4 Bc5e7
17.Nf3e5 Be7f6
18.Ne5g4 Bf6g5
19.Ra1b1 b6
20.Rb1b5 Ra8c8
21.a4 Rc8c7
22.c5 bxc5
23.dxc5 Qd8d5
24.Rf1d1 Qd5e4
25.Rd1d4 Qe4f5
26.c6 Qf5g6
27.Ng4e5 Qg6h6
28.Ne5g4 Qh6g6
29.h4 Bg5xh4
30.Ng4e5 Qg6h6
31.Ne5g4 Qh6g6
32.Ng4e5 Qg6h6
33.Ne5g4 { draw }
1/2-1/2

[Event "Tourn. n7875"]
[Site "www.chess-mail.com"]
[Date "2015.01.20"]
[Round "1"]
[White "Churrasca"]
[Black "Falcoale"]
[WhiteElo "2100"]
[BlackElo "2050"]
[Result "0-1"]
[Round "1"]
1.e4 c5
2.Ng1f3 Nb8c6
3.d4 cxd4
4.Nf3xd4 a6
5.Nb1c3 e6
6.Bf1e2 Ng8f6
7.Bc1e3 d5
8.exd5 Nf6xd5
9.Nc3xd5 exd5
10.O-O Bf8e7
11.c4 dxc4
12.Be2xc4 Nc6xd4
13.Be3xd4 O-O
14.Bd4e5 Bc8f5
15.Qd1f3 Bf5e6
16.Qf3g3 Be7f6
17.Ra1d1 Qd8e7
18.Bc4xe6 fxe6
19.Rd1d3 Ra8c8
20.Be5d6 Qe7f7
21.Bd6xf8 Rc8xf8
22.Rf1d1 Qf7e7
23.Qg3e3 Bf6xb2
24.Rd3d8 Rf8xd8
25.Rd1xd8 Qe7xd8
26.h3 Qd8d5
27.a4 Qd5d1
28.Kh2 Qd1xa4
29.Qe3xe6 Kf8
30.Qe6c8 Qa4e8
31.Qc8xb7 a5
{ resign }
0-1

[Event "Tourn. n7884"]
[Site "www.chess-mail.com"]
[Date "2015.01.20"]
[Round "1"]
[White "Bojan"]
[Black "Wegaman"]
[WhiteElo "2080"]
[BlackElo "1960"]
[Result "1-0"]
[Round "1"]
1.c4 Ng8f6
2.e3 d5
3.d4 e6
4.Ng1f3 Bf8e7
5.Qd1c2 O-O
6.a3 Nb8d7
7.Bf1e2 c6
8.b4 Rf8e8
9.h3 Ra8b8
10.Nb1d2 b6
11.c5 bxc5
12.dxc5 Qd8c7
13.Bc1b2 a5
14.Bb2c3 axb4
15.axb4 Be7f8
16.Qc2b2 Bf8e7
17.Nf3e5 Nd7xc5
18.O-O Nc5d7
19.Ne5xd7 Qc7xd7
20.Nd2f3 c5
21.b5 c4
22.b6 Be7c5
23.Bc3d4 Bc5xd4
24.exd4 Qd7c6
25.Rf1b1 Nf6e4
26.Nf3e5 c3
27.Ne5xc6 cxb2
28.Rb1xb2 Rb8b7
29.Be2a6 Rb7d7
30.b7 Bc8xb7
31.Rb2xb7 Rd7xb7
32.Ba6xb7 g6
33.Ra1b1 Kg7
34.Bb7a6 Re8a8
35.Ba6d3 Ne4c3
36.Rb1b3 Ra8a1
37.Kh2 Nc3d1
38.f3 Nd1f2
39.Bd3c2 h5
40.h4 g5
41.hxg5 h4
42.g4 hxg3
43.Kxg3 Nf2d1
44.Nc6e5 Nd1b2
45.Rb3xb2 Ra1g1
46.Kf4 { resign }
1-0

[Event "Tourn. n7951"]
[Site "www.chess-mail.com"]
[Date "2015.01.20"]
[Round "1"]
[White "Difficult"]
[Black "Falcoale"]
[WhiteElo "1880"]
[BlackElo "1920"]
[Result "1/2-1/2"]
[Round "1"]
1.d4 Ng8f6
2.Ng1f3 e6
3.c4 b6
4.g3 Bc8b7
5.Bf1g2 Bf8e7
6.O-O O-O
7.Nb1c3 d6
8.Bc1g5 h6
9.Bg5xf6 Be7xf6
10.e3 Nb8d7
11.Qd1c2 Ra8b8
12.b4 c5
13.b5 Bf6e7
14.Rf1d1 Nd7f6
15.dxc5 bxc5
16.a4 Nf6d7
17.a5 Nd7f6
18.h3 Qd8c8
19.a6 Bb7a8
20.Nf3h4 Ba8xg2
21.Nh4xg2 Rf8d8
22.Ra1b1 Nf6d7
23.Nc3e4 Nd7f6
24.Ne4xf6 Be7xf6
25.Ng2f4 Bf6g5
26.Nf4d3 Bg5e7
27.Kg2 { draw }
1/2-1/2

[Event "Tourn. n7944"]
[Site "www.chess-mail.com"]
[Date "2015.01.20"]
[Round "1"]
[White "Maxlou"]
[Black "Dominiquer"]
[WhiteElo "1660"]
[BlackElo "1870"]
[Result "1-0"]
[Round "1"]
1.d4 Ng8f6
2.Bc1f4 g6
3.Nb1c3 Nb8c6
4.d5 e5
5.Bf4g3 Bf8b4
6.dxc6 bxc6
7.Bg3xe5 d5
8.Qd1d4 c5
9.Qd4h4 Nf6e4
10.Qh4xd8 Kxd8
11.Be5xh8 f6
12.Bh8xf6 Ne4xf6
13.O-O-O d4
14.e3 a5
15.exd4 cxd4
16.Rd1xd4 Bc8d7
17.Bf1b5 c6
18.Bb5xc6 Ra8a6
19.Bc6xd7 Nf6xd7
20.Ng1e2 Bb4c5
21.Rd4d5 Bc5xf2
22.Rh1d1 Bf2e3
23.Kb1 Ra6a7
24.Nc3e4 a4
25.Ne4f6 a3
26.Rd5xd7 Ra7xd7
27.Rd1xd7 Kc8
28.Rd7xh7 { resign }
1-0

[Event "Tourn. n7988"]
[Site "www.chess-mail.com"]
[Date "2015.01.20"]
[Round "1"]
[White "Apdash"]
[Black "Cardiff"]
[WhiteElo "2140"]
[BlackElo "2030"]
[Result "1-0"]
[Round "1"]
1.d4 Ng8f6
2.c4 e6
3.Nb1c3 d5
4.Ng1f3 Bf8b4
5.cxd5 Nf6xd5
6.Bc1d2 O-O
7.a3 Bb4xc3
8.bxc3 Nb8c6
9.e4 Nd5f6
10.Bf1d3 e5
11.d5 Qd8d6
12.c4 Nc6d4
13.Nf3xd4 exd4
14.O-O Rf8e8
15.Rf1e1 c5
16.f4 Qd6c7
17.Qd1c2 g6
18.e5 Nf6h5
19.Bd3e4 f5
20.exf6 Nh5xf6
21.Be4xg6 Re8xe1
22.Ra1xe1 hxg6
23.Qc2xg6 Qc7g7
24.Qg6d3 Bc8d7
25.Re1e5 Qg7f7
26.Re5g5 Kf8
27.f5 b5
28.Qd3h3 bxc4
29.Qh3h8 Nf6g8
30.Rg5g6 Qf7xd5
31.Bd2h6 Ke7
32.Qh8g7 Kd8
33.Qg7xg8 Kc7
34.Qg8xd5 { resign }
1-0